000 00281nam a22001337a 4500
008 170720b xxu||||| |||| 00| 0 eng d
020 _a0878722173
041 _aeng
080 _a2
100 _a24
101 _aTEO
245 _aTHE WAY OF TORAH
_cNEUSNER, J
942 _2udc
_cBK
999 _c21659
_d21659